000 00547nam a2200193Ia 4500
005 20250508151841.0
008 008 250505s9999 xx 000 0 eng d
037 _aBooks to be hide in OPAC
040 _aFEDL
_beng
_cFEDL
041 _aeng
_2eng
084 _a027.82, GRE
_qFEDL
245 0 _aSchool libraries to-day
245 0 _cGreat Britain
260 _aLondon, UK
_bSchool Library Association
_c1950
300 _axii,32p
650 _aSchool libraries
_9756592
942 _cHB
_h027.82, GRE
999 _c1332501
_d1332501